000 01022cam a2200229 4500
001 ABS65860
008 020904n2002 000 0 eng u
035 _a(Sirsi) u119559
100 _aCavanagh, E.
245 2 _aA bid to do a lot better
260 _c2002
490 _aEstates Gazette
_v(0235) 31 August 2002, 65(1)
520 _aLooks at Hackney Council and the recent actions taken to clear a crippling budget deficit. The authority initiated a major sale of property and land it considered was surplus to its needs. Most of the property sales took place in the auction room. Some local people were opposed to the sell off and the lack of information in the early stages but these fears have arguably been sorted with a consulation process set up for sales of community buildings.
590 _aABS
650 _aHACKNEY COUNCIL
650 _aAuctioneering
_96218
650 _aLOCAL AUTHORITIES
650 _aPUBLIC OPINION
650 _aCOMMUNITY BUILDING
690 _aLOCAL GOVERNMENT
942 _n0
999 _c71082
_d71082